000 00512nam a2200169Ia 4500
008 090711s9999 xx 000 0 und d
082 _b20082
100 _aकाणेकर अनंत
245 _aखडक कोरतात आकाश
260 _c1964
300 _a151
600 _aकाणेकर अनंत
630 _aखडक कोरतात आकाश
700 _aकाणेकर अनंत
730 _aखडक कोरतात आकाश
942 _cBOOK
999 _c291131
_d291131